[Event "EUYCC 2025 - U14"]
[Site "?"]
[Date "2025.08.23"]
[Round "5.6"]
[White "Malureanu, Andrei"]
[Black "Belocky, Daniel"]
[Result "1/2-1/2"]
[BlackElo "1683"]
[WhiteElo "1585"]
[LiveChessVersion "1.4.8"]

1. d4 {[%clk 1:30:57]} e6 {[%clk 1:30:56]} 2. Nf3 {[%clk 1:31:18]} f5
{[%clk 1:31:11]} 3. c4 {[%clk 1:31:03]} c6 {[%clk 1:30:56]} 4. Qc2
{[%clk 1:29:30]} d5 {[%clk 1:31:18]} 5. g3 {[%clk 1:26:59]} Nf6 {[%clk 1:31:33]}
6. Bg2 {[%clk 1:26:55]} Bd6 {[%clk 1:31:56]} 7. O-O {[%clk 1:26:29]} O-O
{[%clk 1:32:15]} 8. b3 {[%clk 1:26:20]} Qe7 {[%clk 1:32:37]} 9. e3
{[%clk 1:25:38]} Nbd7 {[%clk 1:32:53]} 10. Bb2 {[%clk 1:24:57]} Ne4
{[%clk 1:32:56]} 11. Nbd2 {[%clk 1:21:56]} Ndf6 {[%clk 1:33:15]} 12. Ne5
{[%clk 1:17:51]} Bd7 {[%clk 1:27:14]} 13. f4 {[%clk 1:15:54]} Be8
{[%clk 1:25:59]} 14. Ndf3 {[%clk 1:13:15]} Bh5 {[%clk 1:26:01]} 15. Rac1 Ng4
{[%clk 1:24:00]} 16. Nxg4 {[%clk 1:06:47]} Bxg4 {[%clk 1:22:52]} 17. Ne5
{[%clk 1:06:31]} Bh5 {[%clk 1:21:13]} 18. Ra1 {[%clk 1:00:43]} Be8
{[%clk 1:20:55]} 19. Rac1 {[%clk 0:55:58]} h5 {[%clk 1:20:45]} 20. Bxe4
{[%clk 0:54:29]} fxe4 {[%clk 1:20:59]} 21. h4 {[%clk 0:53:41]} Rf6
{[%clk 1:18:56]} 22. Kh2 {[%clk 0:50:05]} Bxe5 {[%clk 1:17:00]} 23. fxe5
{[%clk 0:49:35]} Rf5 {[%clk 1:17:07]} 24. Rxf5 {[%clk 0:47:02]} exf5
{[%clk 1:17:31]} 25. cxd5 {[%clk 0:46:30]} cxd5 {[%clk 1:17:55]} 26. Qc5
{[%clk 0:45:33]} Qe6 {[%clk 1:13:30]} 27. Ba3 {[%clk 0:40:43]} Bc6
{[%clk 1:13:40]} 28. Qd6 {[%clk 0:39:23]} Qxd6 {[%clk 1:12:32]} 29. Bxd6
{[%clk 0:39:46]} Kf7 {[%clk 1:11:30]} 30. Rc5 {[%clk 0:36:44]} Rc8
{[%clk 1:10:57]} 31. b4 {[%clk 0:36:13]} Ke6 {[%clk 1:11:06]} 32. Kg2
{[%clk 0:35:29]} Bd7 {[%clk 1:10:31]} 33. Kf2 {[%clk 0:33:34]} Rxc5
{[%clk 1:08:42]} 34. Bxc5 {[%clk 0:33:32]} a6 {[%clk 1:09:03]} 35. Ke1
{[%clk 0:31:40]} Ba4 {[%clk 1:08:59]} 36. Kd2 {[%clk 0:30:59]} g6
{[%clk 1:09:17]} 37. Bf8 {[%clk 0:30:33]} 1/2-1/2

[Event "EUYCC 2025 - U14"]
[Site "?"]
[Date "2025.08.23"]
[Round "5.7"]
[White "Plechacek, Matej"]
[Black "Janouskova, Eliska"]
[Result "1/2-1/2"]
[BlackElo "1748"]
[WhiteElo "1741"]
[LiveChessVersion "1.4.8"]

1. d4 {[%clk 1:30:58]} e6 {[%clk 1:30:36]} 2. Nf3 {[%clk 1:31:22]} f5
{[%clk 1:30:53]} 3. c4 {[%clk 1:31:34]} Nf6 {[%clk 1:30:56]} 4. Bg5
{[%clk 1:31:57]} Bb4+ {[%clk 1:29:28]} 5. Nc3 {[%clk 1:31:50]} O-O
{[%clk 1:26:52]} 6. e3 {[%clk 1:32:06]} Bxc3+ {[%clk 1:26:56]} 7. bxc3
{[%clk 1:32:29]} h6 {[%clk 1:24:49]} 8. Bxf6 {[%clk 1:32:53]} Qxf6
{[%clk 1:24:02]} 9. Bd3 {[%clk 1:32:58]} d6 {[%clk 1:18:52]} 10. Rb1
{[%clk 1:32:19]} Nd7 {[%clk 1:13:01]} 11. O-O {[%clk 1:31:58]} b6
{[%clk 1:04:35]} 12. Re1 {[%clk 1:31:12]} Bb7 {[%clk 1:02:23]} 13. e4
{[%clk 1:28:54]} fxe4 {[%clk 0:59:08]} 14. Bxe4 {[%clk 1:29:12]} Bxe4
{[%clk 0:58:34]} 15. Rxe4 {[%clk 1:29:36]} Qg6 {[%clk 0:54:28]} 16. Re1
{[%clk 1:27:48]} Rae8 {[%clk 0:46:02]} 17. Kh1 {[%clk 1:27:21]} a5
{[%clk 0:43:28]} 18. Rb2 {[%clk 1:27:26]} Nf6 {[%clk 0:37:00]} 19. Rbe2
{[%clk 1:26:53]} Nh5 {[%clk 0:32:28]} 20. Qc2 {[%clk 1:24:59]} Qxc2
{[%clk 0:24:13]} 21. Rxc2 {[%clk 1:25:23]} Nf4 {[%clk 0:23:43]} 22. Kg1
{[%clk 1:25:10]} Rf7 {[%clk 0:22:51]} 23. Re3 {[%clk 1:24:09]} Ng6
{[%clk 0:18:34]} 24. Rce2 {[%clk 1:24:04]} Rfe7 {[%clk 0:18:28]} 25. g3
{[%clk 1:23:50]} Kf7 {[%clk 0:15:13]} 26. h4 {[%clk 1:23:42]} Nf8
{[%clk 0:13:47]} 27. Kg2 {[%clk 1:23:45]} Nd7 {[%clk 0:13:06]} 28. g4
{[%clk 1:22:51]} g6 {[%clk 0:12:27]} 29. Nd2 {[%clk 1:22:13]} e5 {[%clk 0:10:37]}
30. f3 {[%clk 1:21:45]} Re6 {[%clk 0:07:53]} 31. Kf2 {[%clk 1:21:16]} R6e7
{[%clk 0:08:04]} 32. Kg2 {[%clk 1:21:18]} Re6 {[%clk 0:07:47]} 33. Kf2
{[%clk 1:21:39]} 1/2-1/2

[Event "EUYCC 2025 - U14"]
[Site "?"]
[Date "2025.08.23"]
[Round "5.8"]
[White "Migalko, Dmitriy"]
[Black "Amvrosiadis, Themistoklis"]
[Result "1-0"]
[BlackElo "1625"]
[WhiteElo "1916"]
[LiveChessVersion "1.4.8"]

1. e4 {[%clk 1:30:57]} e5 {[%clk 1:30:57]} 2. Nf3 {[%clk 1:31:23]} Nc6
{[%clk 1:31:23]} 3. Bb5 {[%clk 1:31:47]} a6 {[%clk 1:31:49]} 4. Ba4 d6
{[%clk 1:32:13]} 5. O-O {[%clk 1:32:31]} Nf6 {[%clk 1:32:30]} 6. Re1
{[%clk 1:32:52]} Be7 {[%clk 1:32:37]} 7. d4 {[%clk 1:32:40]} b5 {[%clk 1:13:43]}
8. dxe5 {[%clk 1:27:03]} Nxe5 {[%clk 1:06:19]} 9. Nxe5 {[%clk 1:26:54]} dxe5
{[%clk 1:03:36]} 10. Qxd8+ {[%clk 1:25:30]} Bxd8 {[%clk 1:02:28]} 11. Bb3
{[%clk 1:25:50]} Bb7 {[%clk 1:01:25]} 12. Nc3 {[%clk 1:17:20]} Be7
{[%clk 0:46:36]} 13. Nd5 {[%clk 1:13:18]} Bd6 {[%clk 0:42:42]} 14. f3
{[%clk 0:49:48]} Nxd5 {[%clk 0:36:44]} 15. Bxd5 {[%clk 0:48:34]} Bxd5
{[%clk 0:36:42]} 16. exd5 {[%clk 0:49:00]} O-O-O {[%clk 0:34:57]} 17. Be3
{[%clk 0:46:24]} Be7 {[%clk 0:31:05]} 18. Red1 {[%clk 0:44:52]} Rd7
{[%clk 0:29:04]} 19. a4 {[%clk 0:39:45]} b4 {[%clk 0:27:02]} 20. c4
{[%clk 0:38:17]} Rhd8 {[%clk 0:20:53]} 21. Rd2 {[%clk 0:36:10]} c5
{[%clk 0:15:37]} 22. Re1 {[%clk 0:29:05]} Bd6 {[%clk 0:14:44]} 23. Bf2
{[%clk 0:27:26]} f6 {[%clk 0:12:56]} 24. b3 {[%clk 0:27:13]} Re8 {[%clk 0:11:40]}
25. Rde2 {[%clk 0:25:38]} Rde7 {[%clk 0:11:21]} 26. g4 {[%clk 0:23:43]} Kd7
{[%clk 0:08:26]} 27. Kg2 {[%clk 0:21:19]} Kc7 {[%clk 0:07:10]} 28. Bh4
{[%clk 0:19:57]} h6 {[%clk 0:01:57]} 29. Bf2 {[%clk 0:19:55]} Kd7
{[%clk 0:00:37]} 30. h4 {[%clk 0:19:56]} Rf8 {[%clk 0:00:32]} 31. f4
{[%clk 0:19:26]} Rfe8 {[%clk 0:00:32]} 32. fxe5 {[%clk 0:19:04]} fxe5
{[%clk 0:00:34]} 33. Re4 {[%clk 0:17:15]} g5 {[%clk 0:00:32]} 34. hxg5
{[%clk 0:17:17]} hxg5 {[%clk 0:00:58]} 35. Bg3 {[%clk 0:17:16]} a5
{[%clk 0:00:31]} 36. Rf1 {[%clk 0:17:09]} Rg7 {[%clk 0:00:31]} 37. Rf5
{[%clk 0:17:15]} Rh8 {[%clk 0:00:31]} 38. Rf6 {[%clk 0:10:20]} Rgh7
{[%clk 0:00:31]} 39. Rg6 {[%clk 0:08:39]} Rh1 {[%clk 0:00:32]} 40. Rxd6+
{[%clk 0:07:10]} Kxd6 {[%clk 0:00:38]} 41. Bxe5+ {[%clk 0:07:23]} Kd7
{[%clk 0:01:02]} 42. Bxh8 {[%clk 0:07:47]} Rxh8 {[%clk 0:01:20]} 43. Re5
{[%clk 0:07:22]} Rg8 {[%clk 0:00:32]} 44. Kf3 {[%clk 0:07:07]} Rh8
{[%clk 0:00:40]} 45. Kg3 {[%clk 0:06:24]} Rg8 {[%clk 0:01:06]} 46. Re6
{[%clk 0:06:35]} Rf8 {[%clk 0:00:31]} 47. Rc6 {[%clk 0:03:37]} Rf1
{[%clk 0:00:32]} 48. Rxc5 {[%clk 0:02:07]} Rb1 {[%clk 0:00:31]} 49. Kf3
{[%clk 0:01:23]} Rxb3+ {[%clk 0:00:45]} 50. Ke4 {[%clk 0:01:50]} Rc3
{[%clk 0:00:32]} 51. Kd4 {[%clk 0:01:19]} Rg3 {[%clk 0:00:31]} 52. Rxa5
{[%clk 0:01:36]} Rxg4+ {[%clk 0:00:54]} 53. Kc5 {[%clk 0:01:49]} b3
{[%clk 0:00:47]} 54. Rb5 {[%clk 0:02:12]} Rg3 {[%clk 0:00:31]} 55. a5
{[%clk 0:02:05]} Rh3 {[%clk 0:00:33]} 56. a6 {[%clk 0:02:15]} Rh8
{[%clk 0:00:33]} 57. Rb7+ {[%clk 0:02:17]} Kc8 {[%clk 0:00:48]} 58. Rxb3
{[%clk 0:02:18]} Rh7 {[%clk 0:00:33]} 59. d6 {[%clk 0:01:00]} Ra7
{[%clk 0:00:35]} 60. Kb6 {[%clk 0:01:10]} Ra8 {[%clk 0:00:31]} 61. a7
{[%clk 0:01:22]} g4 {[%clk 0:00:31]} 62. Rg3 {[%clk 0:01:42]} Kd7
{[%clk 0:00:36]} 63. Kb7 1-0

[Event "EUYCC 2025 - U14"]
[Site "?"]
[Date "2025.08.23"]
[Round "5.9"]
[White "Chmelikova, Julia"]
[Black "Bolla, Zsofia"]
[Result "0-1"]
[BlackElo "1772"]
[WhiteElo "1590"]
[LiveChessVersion "1.4.8"]

1. e4 {[%clk 1:30:56]} c5 {[%clk 1:30:53]} 2. c3 {[%clk 1:31:15]} Nf6
{[%clk 1:31:12]} 3. e5 {[%clk 1:31:18]} Nd5 {[%clk 1:31:29]} 4. d4
{[%clk 1:31:24]} cxd4 {[%clk 1:31:46]} 5. Nf3 {[%clk 1:31:09]} e6
{[%clk 1:31:35]} 6. cxd4 {[%clk 1:30:00]} d6 {[%clk 1:30:38]} 7. Bc4
{[%clk 1:26:18]} Nb6 {[%clk 1:26:49]} 8. Bb3 {[%clk 1:23:20]} Be7
{[%clk 1:24:56]} 9. O-O {[%clk 1:20:00]} O-O {[%clk 1:24:22]} 10. Nc3
{[%clk 1:18:30]} Bd7 {[%clk 1:17:30]} 11. Qd3 {[%clk 1:14:15]} Bc6
{[%clk 1:13:43]} 12. Bc2 {[%clk 1:10:43]} g6 {[%clk 1:13:49]} 13. Bh6
{[%clk 1:09:06]} Re8 {[%clk 1:14:00]} 14. exd6 {[%clk 1:05:47]} Qxd6
{[%clk 1:12:54]} 15. Ne5 {[%clk 1:00:34]} Rd8 {[%clk 0:55:49]} 16. Nxc6
{[%clk 0:35:03]} Nxc6 {[%clk 0:55:41]} 17. Nb5 {[%clk 0:33:46]} Qd7
{[%clk 0:54:10]} 18. Bf4 {[%clk 0:30:24]} Nb4 {[%clk 0:53:13]} 0-1

[Event "EUYCC 2025 - U14"]
[Site "?"]
[Date "2025.08.23"]
[Round "5.11"]
[White "Polackova, Eva"]
[Black "Myronova, Sofia"]
[Result "1/2-1/2"]
[BlackElo "1496"]
[WhiteElo "1640"]
[LiveChessVersion "1.4.8"]

1. e4 {[%clk 1:30:57]} c5 {[%clk 1:30:41]} 2. Nf3 {[%clk 1:30:52]} d6
{[%clk 1:30:51]} 3. d4 {[%clk 1:30:28]} cxd4 {[%clk 1:30:53]} 4. Nxd4
{[%clk 1:30:23]} Nf6 {[%clk 1:30:39]} 5. Nc3 {[%clk 1:29:43]} g6 {[%clk 1:29:05]}
6. Bc4 {[%clk 1:28:37]} Bg7 {[%clk 1:27:49]} 7. O-O {[%clk 1:25:58]} O-O
{[%clk 1:28:00]} 8. Re1 {[%clk 1:24:37]} Nc6 {[%clk 1:25:04]} 9. Bb3
{[%clk 1:21:25]} Nxd4 {[%clk 0:57:47]} 10. Qxd4 {[%clk 1:18:52]} Ng4
{[%clk 0:56:56]} 11. Qd3 {[%clk 1:10:29]} Qb6 {[%clk 0:52:54]} 12. Qg3
{[%clk 1:02:14]} Bd4 {[%clk 0:35:12]} 13. Nd1 {[%clk 0:52:18]} Be5
{[%clk 0:31:39]} 14. Bf4 {[%clk 0:49:08]} Bxf4 {[%clk 0:31:17]} 15. Qxf4
{[%clk 0:49:12]} Bd7 {[%clk 0:30:18]} 16. Nc3 {[%clk 0:42:09]} Nf6
{[%clk 0:23:23]} 17. Rad1 {[%clk 0:30:08]} a5 {[%clk 0:15:34]} 18. e5
{[%clk 0:24:06]} dxe5 {[%clk 0:14:37]} 19. Qxe5 {[%clk 0:21:48]} Rae8
{[%clk 0:11:46]} 20. h3 {[%clk 0:14:44]} Bc6 {[%clk 0:10:10]} 21. Nd5
{[%clk 0:13:19]} Bxd5 {[%clk 0:08:42]} 22. Bxd5 {[%clk 0:13:31]} Nd7
{[%clk 0:07:05]} 23. Bxf7+ {[%clk 0:13:15]} Rxf7 {[%clk 0:07:06]} 24. Rxd7
{[%clk 0:13:22]} Qxf2+ {[%clk 0:07:10]} 25. Kh1 {[%clk 0:11:50]} b6
{[%clk 0:06:46]} 26. Qe2 {[%clk 0:11:12]} Qc5 {[%clk 0:05:01]} 27. b3
{[%clk 0:05:15]} Qc6 {[%clk 0:03:48]} 28. Rd3 {[%clk 0:05:03]} Qc5
{[%clk 0:03:17]} 29. Rd7 {[%clk 0:05:19]} Qc6 {[%clk 0:03:20]} 30. Rd3
{[%clk 0:05:44]} 1/2-1/2

[Event "EUYCC 2025 - U14"]
[Site "?"]
[Date "2025.08.23"]
[Round "5.12"]
[White "Kubalova, Nikol"]
[Black "Jenikova, Sabina"]
[Result "0-1"]
[BlackElo "1491"]
[WhiteElo "1453"]
[LiveChessVersion "1.4.8"]

1. d4 {[%clk 1:30:47]} Nf6 {[%clk 1:30:45]} 2. Bf4 {[%clk 1:30:33]} e6
{[%clk 1:30:55]} 3. c3 {[%clk 1:30:52]} c5 {[%clk 1:31:01]} 4. e3
{[%clk 1:30:54]} d5 {[%clk 1:31:08]} 5. b3 {[%clk 1:30:32]} Bd6 {[%clk 1:31:10]}
6. Bg3 {[%clk 1:30:31]} Nc6 {[%clk 1:30:44]} 7. Nf3 {[%clk 1:29:59]} Ne4
{[%clk 1:28:23]} 8. Bd3 {[%clk 1:28:15]} Nxg3 {[%clk 1:27:16]} 9. hxg3
{[%clk 1:28:20]} cxd4 {[%clk 1:25:14]} 10. cxd4 {[%clk 1:28:17]} Qa5+
{[%clk 1:24:31]} 11. Nbd2 {[%clk 1:27:53]} h6 {[%clk 1:22:44]} 12. Ng5
{[%clk 1:22:12]} Be7 {[%clk 1:19:06]} 13. Ngf3 {[%clk 1:19:27]} Bd7
{[%clk 1:18:36]} 14. g4 {[%clk 1:16:24]} Nb4 {[%clk 1:14:23]} 15. Be2
{[%clk 1:15:19]} Rc8 {[%clk 1:12:23]} 16. Rc1 {[%clk 1:11:36]} O-O
{[%clk 1:06:35]} 17. g5 {[%clk 1:10:37]} Rxc1 {[%clk 1:06:31]} 18. Qxc1
{[%clk 1:10:29]} Rc8 {[%clk 1:06:35]} 19. Qb1 {[%clk 1:08:56]} Qa3
{[%clk 1:05:57]} 20. O-O {[%clk 1:05:30]} Nxa2 {[%clk 1:03:28]} 21. gxh6
{[%clk 1:03:14]} Nc3 {[%clk 1:01:44]} 22. h7+ {[%clk 1:01:01]} Kh8
{[%clk 1:02:03]} 23. Qd3 {[%clk 0:59:13]} Bb5 {[%clk 1:01:29]} 24. Nb1
{[%clk 0:57:54]} Nxe2+ {[%clk 1:00:43]} 25. Kh1 {[%clk 0:55:26]} Bxd3
{[%clk 0:59:03]} 26. Nxa3 {[%clk 0:55:43]} Bxa3 {[%clk 0:59:19]} 27. Ra1
{[%clk 0:55:27]} Bd6 {[%clk 0:59:37]} 28. g3 {[%clk 0:54:34]} Kxh7
{[%clk 0:59:33]} 29. Ng5+ {[%clk 0:54:46]} Kg6 {[%clk 0:59:48]} 30. Nf3
{[%clk 0:54:45]} Be4 {[%clk 0:59:48]} 31. Kg2 {[%clk 0:54:31]} Rh8
{[%clk 0:58:27]} 32. Rxa7 {[%clk 0:53:31]} Kf5 {[%clk 0:58:29]} 33. Kf1
{[%clk 0:52:50]} Bxf3 {[%clk 0:58:18]} 34. Ke1 {[%clk 0:53:13]} Bb4+
{[%clk 0:58:38]} 35. Kd1 {[%clk 0:53:21]} Rh1+ {[%clk 0:57:39]} 36. Kc2
{[%clk 0:52:58]} Be4+ {[%clk 0:58:02]} 37. Kb2 {[%clk 0:53:00]} Rb1+
{[%clk 0:58:22]} 38. Ka2 {[%clk 0:53:01]} Nc3# 0-1

[Event "EUYCC 2025 - U14"]
[Site "?"]
[Date "2025.08.23"]
[Round "5.13"]
[White "Voronova, Anastassia"]
[Black "Stricova, Julia Nela"]
[Result "1-0"]
[BlackElo "1675"]
[WhiteElo "1502"]
[LiveChessVersion "1.4.8"]

1. e4 {[%clk 1:30:57]} e5 {[%clk 1:30:57]} 2. Nf3 {[%clk 1:31:24]} Nf6
{[%clk 1:31:22]} 3. Nc3 {[%clk 1:31:47]} Nc6 {[%clk 1:31:47]} 4. Bb5
{[%clk 1:32:06]} Bb4 {[%clk 1:31:57]} 5. O-O {[%clk 1:31:59]} O-O
{[%clk 1:32:23]} 6. Nd5 {[%clk 1:28:57]} Nxd5 {[%clk 1:27:38]} 7. exd5
{[%clk 1:25:56]} Nd4 {[%clk 1:24:49]} 8. Nxd4 {[%clk 1:25:31]} exd4
{[%clk 1:25:13]} 9. c3 {[%clk 1:25:02]} Bc5 {[%clk 1:21:20]} 10. b4
{[%clk 1:25:09]} Bb6 {[%clk 1:21:38]} 11. c4 {[%clk 1:17:53]} d6 {[%clk 1:18:25]}
12. Bb2 {[%clk 1:14:34]} Bd7 {[%clk 1:16:27]} 13. Bxd7 {[%clk 1:12:41]} Qxd7
{[%clk 1:16:53]} 14. Re1 {[%clk 1:10:08]} c5 {[%clk 1:12:16]} 15. a3
{[%clk 1:04:48]} Rfe8 {[%clk 1:10:27]} 16. Qf3 {[%clk 1:01:44]} Re7
{[%clk 1:09:32]} 17. b5 {[%clk 0:58:53]} Rae8 {[%clk 1:09:00]} 18. Rxe7
{[%clk 0:56:33]} Rxe7 {[%clk 1:09:01]} 19. h3 {[%clk 0:50:52]} Qe8
{[%clk 1:08:27]} 20. Kh2 {[%clk 0:49:27]} Re1 {[%clk 1:07:57]} 21. Rd1
{[%clk 0:45:38]} Qe5+ {[%clk 1:06:45]} 22. g3 {[%clk 0:44:48]} Rxd1
{[%clk 1:05:59]} 23. Qxd1 {[%clk 0:44:52]} Qf5 {[%clk 1:04:27]} 24. Kg2
{[%clk 0:43:38]} Qd3 {[%clk 1:03:40]} 25. Qe1 {[%clk 0:40:33]} Kf8
{[%clk 1:03:11]} 26. Qc1 {[%clk 0:40:07]} Ba5 {[%clk 1:03:17]} 27. h4
{[%clk 0:35:04]} Qxd2 {[%clk 1:03:23]} 28. Qxd2 {[%clk 0:35:20]} Bxd2
{[%clk 1:03:49]} 29. Kf1 {[%clk 0:34:15]} Ke7 {[%clk 1:03:03]} 30. Ke2
{[%clk 0:33:29]} Ba5 {[%clk 1:03:16]} 31. Kd3 {[%clk 0:33:08]} f5
{[%clk 1:03:13]} 32. Bc1 {[%clk 0:29:43]} h6 {[%clk 1:02:58]} 33. h5
{[%clk 0:28:33]} Kf6 {[%clk 1:01:30]} 34. Bf4 {[%clk 0:27:25]} Ke7
{[%clk 0:58:05]} 35. a4 {[%clk 0:27:03]} Kd7 {[%clk 0:57:58]} 36. f3
{[%clk 0:26:46]} Bd8 {[%clk 0:56:59]} 37. g4 {[%clk 0:24:59]} Bg5
{[%clk 0:55:32]} 38. Bh2 {[%clk 0:20:54]} fxg4 {[%clk 0:55:00]} 39. fxg4
{[%clk 0:20:48]} Bd8 {[%clk 0:54:55]} 40. Bf4 {[%clk 0:21:01]} Ke7
{[%clk 0:51:47]} 41. g5 {[%clk 0:19:55]} hxg5 {[%clk 0:51:56]} 42. Bxg5+
{[%clk 0:20:18]} Ke8 {[%clk 0:52:21]} 43. Bf4 {[%clk 0:20:37]} Be7
{[%clk 0:52:30]} 44. h6 {[%clk 0:18:23]} g5 {[%clk 0:50:02]} 45. h7
{[%clk 0:18:18]} Bf6 {[%clk 0:50:20]} 46. Bxd6 {[%clk 0:18:06]} b6
{[%clk 0:49:26]} 47. Ke4 {[%clk 0:16:13]} Kf7 {[%clk 0:48:16]} 48. Be5
{[%clk 0:14:21]} d3 {[%clk 0:32:57]} 49. Bxf6 {[%clk 0:13:38]} d2
{[%clk 0:33:20]} 50. h8=Q {[%clk 0:13:32]} 1-0

[Event "EUYCC 2025 - U14"]
[Site "?"]
[Date "2025.08.24"]
[Round "6.1"]
[White "Diachek, Andrii"]
[Black "Matejka, Simon"]
[Result "1-0"]
[BlackElo "1950"]
[WhiteElo "2223"]
[LiveChessVersion "1.4.8"]

1. e4 {[%clk 1:30:57]} c5 {[%clk 1:30:46]} 2. Nf3 {[%clk 1:31:20]} Nc6
{[%clk 1:30:47]} 3. Bb5 {[%clk 1:31:42]} d6 {[%clk 1:30:48]} 4. O-O
{[%clk 1:31:49]} Bd7 {[%clk 1:31:00]} 5. Re1 {[%clk 1:32:09]} a6 {[%clk 1:31:19]}
6. Bf1 {[%clk 1:32:32]} e5 {[%clk 1:31:28]} 7. c3 {[%clk 1:32:22]} Be7
{[%clk 1:31:37]} 8. h3 {[%clk 1:30:41]} g5 {[%clk 1:31:17]} 9. d4
{[%clk 1:27:21]} h5 {[%clk 1:26:50]} 10. dxc5 {[%clk 1:20:10]} dxc5
{[%clk 1:27:09]} 11. Bc4 {[%clk 1:19:21]} g4 {[%clk 1:12:17]} 12. Qd5
{[%clk 1:18:53]} Rh7 {[%clk 1:02:19]} 13. Nxe5 {[%clk 1:02:48]} Nxe5
{[%clk 0:53:25]} 14. Qxe5 {[%clk 1:03:12]} gxh3 {[%clk 0:53:25]} 15. gxh3
{[%clk 0:53:20]} Bxh3 {[%clk 0:48:02]} 16. Bf4 {[%clk 0:43:35]} Nf6
{[%clk 0:39:08]} 17. f3 {[%clk 0:40:35]} Qb6 {[%clk 0:31:56]} 18. Kh2
{[%clk 0:36:24]} Nd7 {[%clk 0:27:00]} 19. Qc7 {[%clk 0:34:32]} Qf6
{[%clk 0:25:28]} 20. Nd2 {[%clk 0:29:09]} Be6 {[%clk 0:23:09]} 21. Bg3
{[%clk 0:26:59]} h4 {[%clk 0:22:01]} 22. Bd6 {[%clk 0:19:36]} Bxd6+
{[%clk 0:20:57]} 23. Qxd6 {[%clk 0:20:00]} Rd8 {[%clk 0:16:55]} 24. Bxe6
{[%clk 0:17:23]} fxe6 {[%clk 0:17:06]} 25. Nc4 {[%clk 0:15:46]} b5
{[%clk 0:16:32]} 26. Ne3 {[%clk 0:15:20]} Ne5 {[%clk 0:16:30]} 27. Nd5
{[%clk 0:14:52]} Nxf3+ {[%clk 0:11:17]} 28. Kh1 {[%clk 0:13:52]} Qg6
{[%clk 0:09:33]} 29. Qc6+ {[%clk 0:10:52]} Rhd7 {[%clk 0:07:37]} 30. Rf1
{[%clk 0:08:18]} Ng5 {[%clk 0:00:36]} 31. Nf6+ {[%clk 0:06:49]} Ke7
{[%clk 0:00:41]} 32. Qxc5+ {[%clk 0:06:36]} Rd6 {[%clk 0:00:35]} 33. e5
{[%clk 0:06:48]} Ne4 {[%clk 0:00:32]} 34. exd6+ {[%clk 0:06:59]} Rxd6
{[%clk 0:00:31]} 35. Qc7+ {[%clk 0:07:22]} Kf8 {[%clk 0:00:50]} 36. Nh7+
{[%clk 0:07:25]} 1-0

[Event "EUYCC 2025 - U14"]
[Site "?"]
[Date "2025.08.24"]
[Round "6.2"]
[White "Pogorelskiy, Boris"]
[Black "Petroff, Vlad"]
[Result "1-0"]
[BlackElo "2081"]
[WhiteElo "1978"]
[LiveChessVersion "1.4.8"]

1. e4 {[%clk 1:30:56]} c6 {[%clk 1:30:52]} 2. d4 {[%clk 1:31:24]} d5
{[%clk 1:31:17]} 3. exd5 {[%clk 1:31:51]} cxd5 {[%clk 1:31:38]} 4. Bd3
{[%clk 1:32:20]} Nc6 {[%clk 1:31:27]} 5. c3 {[%clk 1:32:44]} Qc7 {[%clk 1:31:38]}
6. Ne2 {[%clk 1:33:10]} Bg4 {[%clk 1:31:03]} 7. O-O {[%clk 1:33:32]} e6
{[%clk 1:30:26]} 8. Qe1 {[%clk 1:33:56]} Nf6 {[%clk 1:29:57]} 9. Bf4
{[%clk 1:27:34]} Bd6 {[%clk 1:27:06]} 10. Bxd6 {[%clk 1:25:04]} Qxd6
{[%clk 1:27:21]} 11. Nd2 {[%clk 1:23:44]} O-O {[%clk 1:22:47]} 12. Ng3
{[%clk 1:16:51]} Bh5 {[%clk 1:04:20]} 13. f4 {[%clk 1:03:54]} Bg6
{[%clk 0:50:47]} 14. f5 {[%clk 0:59:10]} exf5 {[%clk 0:51:08]} 15. Nxf5
{[%clk 0:58:02]} Qc7 {[%clk 0:50:35]} 16. Qh4 Nd7 {[%clk 0:46:54]} 17. Rf2
{[%clk 0:36:29]} Rfe8 {[%clk 0:42:59]} 18. Nf1 {[%clk 0:36:15]} Nf8
{[%clk 0:42:26]} 19. N1e3 {[%clk 0:35:20]} Qd8 {[%clk 0:36:11]} 20. Qg3
{[%clk 0:32:56]} Rb8 {[%clk 0:31:30]} 21. Qf3 {[%clk 0:29:08]} Bxf5
{[%clk 0:17:28]} 22. Bxf5 {[%clk 0:29:01]} Ne6 {[%clk 0:15:09]} 23. Qxd5 Nexd4
{[%clk 0:14:11]} 24. cxd4 {[%clk 0:12:56]} Rxe3 {[%clk 0:14:32]} 25. Bxh7+
{[%clk 0:13:11]} Kxh7 {[%clk 0:11:23]} 26. Qh5+ {[%clk 0:13:32]} Kg8
{[%clk 0:11:50]} 27. Qxf7+ {[%clk 0:13:54]} Kh7 {[%clk 0:09:52]} 28. Rf5
{[%clk 0:12:49]} Rh3 {[%clk 0:09:27]} 29. Rd5 {[%clk 0:11:02]} Rh6
{[%clk 0:05:56]} 30. Rxd8 {[%clk 0:11:24]} Rxd8 {[%clk 0:06:24]} 31. Qxb7
{[%clk 0:11:44]} Nxd4 {[%clk 0:06:46]} 32. Qxa7 {[%clk 0:09:54]} Ne2+
{[%clk 0:07:07]} 33. Kf1 {[%clk 0:09:54]} Re8 {[%clk 0:07:31]} 34. Re1
{[%clk 0:08:58]} Ng3+ {[%clk 0:07:33]} 35. hxg3 {[%clk 0:07:17]} Rh1+
{[%clk 0:07:57]} 36. Kf2 {[%clk 0:07:42]} Rhxe1 {[%clk 0:07:59]} 37. Qa6
{[%clk 0:07:06]} R1e6 {[%clk 0:06:57]} 38. Qd3+ {[%clk 0:07:31]} Kh8
{[%clk 0:06:24]} 39. g4 {[%clk 0:07:25]} Re4 {[%clk 0:06:36]} 40. Kf3
{[%clk 0:07:17]} R4e6 {[%clk 0:05:53]} 41. b3 {[%clk 0:03:38]} g5
{[%clk 0:05:48]} 42. a4 {[%clk 0:03:45]} Kg7 {[%clk 0:05:44]} 43. b4
{[%clk 0:03:15]} Re1 {[%clk 0:05:56]} 44. b5 {[%clk 0:03:01]} Rf8+
{[%clk 0:05:43]} 45. Kg3 {[%clk 0:03:24]} Rfe8 {[%clk 0:05:30]} 46. Qd4+
{[%clk 0:03:50]} Kg6 {[%clk 0:05:33]} 47. a5 {[%clk 0:03:40]} R1e4
{[%clk 0:05:38]} 48. Qb2 {[%clk 0:03:08]} Re2 {[%clk 0:04:45]} 49. Qb1+
{[%clk 0:03:26]} Kg7 {[%clk 0:04:56]} 50. b6 {[%clk 0:03:33]} R2e3+
{[%clk 0:05:13]} 51. Kh2 {[%clk 0:03:27]} Rh8+ {[%clk 0:05:36]} 52. Kg1
{[%clk 0:03:55]} Rhe8 {[%clk 0:06:04]} 53. a6 {[%clk 0:04:14]} Re1+
{[%clk 0:06:29]} 54. Qxe1 {[%clk 0:04:42]} Rxe1+ {[%clk 0:06:54]} 55. Kf2
{[%clk 0:05:10]} Re6 {[%clk 0:07:08]} 56. a7 {[%clk 0:05:36]} Rxb6
{[%clk 0:07:34]} 57. a8=Q {[%clk 0:06:02]} Rf6+ {[%clk 0:07:59]} 58. Kg3
{[%clk 0:06:29]} Kg6 {[%clk 0:08:18]} 59. Qg8+ {[%clk 0:06:45]} Kh6
{[%clk 0:08:38]} 60. Qh8+ {[%clk 0:07:08]} Kg6 {[%clk 0:09:07]} 61. Qh5+
{[%clk 0:07:31]} Kg7 {[%clk 0:09:10]} 62. Qxg5+ {[%clk 0:07:50]} Rg6
{[%clk 0:09:35]} 63. Qe7+ {[%clk 0:08:16]} Kg8 {[%clk 0:09:53]} 64. g5
{[%clk 0:08:41]} Rg7 {[%clk 0:10:04]} 65. Qe8+ {[%clk 0:09:07]} Kh7
{[%clk 0:10:29]} 66. Kg4 {[%clk 0:09:34]} Rg8 {[%clk 0:10:45]} 67. Qh5+
{[%clk 0:09:41]} Kg7 {[%clk 0:11:10]} 68. Qh6+ {[%clk 0:10:09]} Kf7
{[%clk 0:11:35]} 69. Qf6+ {[%clk 0:10:36]} Ke8 {[%clk 0:12:05]} 70. Kh5
{[%clk 0:11:00]} Rf8 {[%clk 0:12:24]} 71. Qe6+ {[%clk 0:11:26]} Kd8
{[%clk 0:12:44]} 72. Qd6+ {[%clk 0:11:24]} Ke8 {[%clk 0:13:09]} 73. Qxf8+
{[%clk 0:11:44]} Kxf8 {[%clk 0:13:33]} 74. Kh6 {[%clk 0:12:13]} Kg8
{[%clk 0:13:53]} 75. g6 {[%clk 0:12:41]} Kh8 {[%clk 0:14:17]} 76. g7+
{[%clk 0:13:09]} Kg8 {[%clk 0:14:45]} 77. g3 {[%clk 0:13:35]} 1-0